| 000 | 00386nam a2200169Ia 4500 | ||
|---|---|---|---|
| 008 | 210210b1940 xxu||||| |||| 00| 0 eng d | ||
| 041 | _aeng | ||
| 082 | _a821/552 | ||
| 100 | _aPOUND (Ezra) | ||
| 245 | _aSelection of poems | ||
| 260 |
_aLondon _bFaber & Faber _c1940 |
||
| 650 | _aSelection | ||
| 650 | _apoems | ||
| 650 | _aof | ||
| 690 | _aEnglish Literature | ||
| 906 | _a011720 | ||
| 999 |
_c130414 _d130414 |
||